| 000 | 00515nam a2200181Ia 4500 | ||
|---|---|---|---|
| 003 | SGT | ||
| 020 | _a9788126527632 | ||
| 082 |
_a620.1 _bMER |
||
| 100 | _aMeriam, J. L | ||
| 245 | _aEngineering mechanics dynamics | ||
| 250 | _a6th Ed. | ||
| 260 |
_bJohn Wiley & Sons _aNew York _c2011 |
||
| 300 | _a720p. | ||
| 650 | _aMECHANILCAL ENGINEERING | ||
| 653 | _aKINEMATICS OF PARTICLES,KINETICS SYSTEMS OF PARTICLES,DYNAMICS OF RIGID BODIES,VIBRATION AND TIME RESPONSE | ||
| 700 | _aKraige,L.G | ||
| 942 |
_2ddc _cBK _07 |
||
| 999 |
_c5219 _d5219 |
||